000 00548nam a2200193Ia 4500
003 LDD
008 181029s9999 xx 000 0 und d
020 _a9788175960251
_c325.00
040 _cLDD
100 _aChaikin, P.M.
245 0 _aPrinciples Of Condensed Matter Physics
_cP.M. Chaikin
260 _aNew Delhi
_bCambridge
_c2007
300 _axx, 699p.
365 _b325.00
901 _a4533
_b26-08-2008
902 _aIN16095
_b23-09-2008
_cF
_dSBA
_e53
903 _aDiscount-15
_bReqst by : Sanjay Gupta
942 _2ddc
_cBK
999 _c82566
_d82566